Cyprien ou Squeezie - Statistiques

Statistiques générales
  • Ce quiz a été pris 373 fois
  • Le résultat moyen est 10 sur 17
Statistiques - réponses
Question Réponse % Correct
Je fais des vidéos threads horreur sur Youtube Squeezie
98%
J'ai fait un album de musique Squeezie
92%
Ma chaine youtube est la plus ancienne Cyprien
91%
J'ai fait le plus de vidéos sur youtube Squeezie
91%
Je suis dans le court-métrage « La science de l'amour» Cyprien
86%
J'étais dans la chaine youtube Cyprien Gaming Les deux
86%
J'ai fait plusieurs court-métrage sur Youtube Cyprien
78%
J'ai participé aux musiques Top 10 des jeux 2013 et 2017 Les deux
71%
J'ai fait une BD Les deux
63%
En date du 1er aout 2025, j'ai 14,6 Million d'abonées sur youtube Cyprien
51%
En date du 1er aout 2025, la description de ma chaine est : clique sur une vidéo nan?? Squeezie
50%
Ma chaine contient la vidéo « TOP des jeux 2017 (CLIP)» Cyprien
44%
J'ai fait la vidéo « Je vous dévoile ma passion secrète...» Cyprien
43%
Je suis dans le court-métrage «Technophobe» Les deux
31%
J'ai fait la vidéo « ... - Les mauvaises haleines » Squeezie
27%
Dans ma vidéo youtube la plus vues, on voit l'autre Les deux
19%
J'ai fait la vidéo « ... - Noël » Les deux
12%
Aucun quiz correspondant
Distribution des résultats
% des personnes avec chaque résultat
Percentile par nombre de réponses
Votre historique - résultats
Vous n’avez pas pris ce quiz